[Event "Barcelona Sant Marti op-A 19th"]
[Site "Barcelona"]
[Date "2017.07.19"]
[Round "7"]
[White "Monroy Garzon, Nataly Alejandra"]
[Black "Avdhoot, Lendhe"]
[Result "1/2-1/2"]
[WhiteElo "1947"]
[BlackElo "2034"]
[PlyCount "66"]
[EventDate "2017.07.13"]
[EventType "swiss"]
[EventRounds "9"]
[EventCountry "ESP"]
[SourceTitle "EXT 2018"]
[Source "ChessBase"]
[SourceDate "2017.10.13"]
[SourceVersion "1"]
[SourceVersionDate "2017.10.13"]
[SourceQuality "1"]

1. d4 Nf6 2. Nf3 e6 3. c4 Bb4+ 4. Bd2 Qe7 5. g3 Nc6 6. Bg2 Bxd2+ 7. Nbxd2 d6 8. 0-0 a5 9. e4 e5 10. d5 Nb8 11. Ne1 0-0 12. Nd3 Na6 13. a3 Bg4 14. f3 Bd7 15. f4 c6 16. fxe5 dxe5 17. h3 cxd5 18. cxd5 a4 19. b4 axb3 20. Nxb3 Rfc8 21. Qd2 Ba4 22. Qb2 Nd7 23. Kh2 f6 24. Rfc1 Bb5 25. Rxc8+ Rxc8 26. Rc1 Nb6 27. Rxc8+ Nxc8 28. Nbc5 Nxc5 29. Qxb5 Nxd3 30. Qxd3 Qc5 31. Qb3 Nd6 32. Qa4 g6 33. Qd7 Nf7 1/2-1/2

[Event "Barcelona Sant Marti op-A 19th"]
[Site "Barcelona"]
[Date "2017.07.14"]
[Round "2"]
[White "Avdhoot, Lendhe"]
[Black "Jijo, Joy"]
[Result "1-0"]
[WhiteElo "2034"]
[BlackElo "1647"]
[PlyCount "53"]
[EventDate "2017.07.13"]
[EventType "swiss"]
[EventRounds "9"]
[EventCountry "ESP"]
[SourceTitle "EXT 2018"]
[Source "ChessBase"]
[SourceDate "2017.10.13"]
[SourceVersion "1"]
[SourceVersionDate "2017.10.13"]
[SourceQuality "1"]

1. d4 d6 2. Nf3 g6 3. Bg5 Bg7 4. e4 Nf6 5. Bd3 h6 6. Bh4 b6 7. 0-0 Bb7 8. Re1 0-0 9. Nbd2 Nbd7 10. e5 dxe5 11. dxe5 Ng4 12. Bg3 f5 13. exf6 exf6 14. Bxg6 f5 15. Nh4 f4 16. Qxg4 fxg3 17. hxg3 Ne5 18. Rxe5 Qxd2 19. Qe6+ Kh8 20. Bf7 Rxf7 21. Qxf7 Qxc2 22. Re6 Rg8 23. Ree1 Bxb2 24. Rad1 Be4 25. Rd7 Be5 26. Re7 Qb2 27. Kh2 1-0

[Event "Barbera del Valles op 40th"]
[Site "Barbera del Valles"]
[Date "2017.07.09"]
[Round "6"]
[White "Avdhoot, Lendhe"]
[Black "Franco Valencia, Angela Maria"]
[Result "1-0"]
[WhiteElo "2034"]
[BlackElo "2214"]
[PlyCount "71"]
[EventDate "2017.07.04"]
[EventType "swiss"]
[EventRounds "9"]
[EventCountry "ESP"]
[SourceTitle "EXT 2018"]
[Source "ChessBase"]
[SourceDate "2017.10.13"]
[SourceVersion "1"]
[SourceVersionDate "2017.10.13"]
[SourceQuality "1"]

1. d4 Nf6 2. c4 c5 3. d5 e6 4. Nc3 exd5 5. cxd5 Bd6 6. e4 0-0 7. f4 Nxe4 8. Nxe4 Re8 9. Qe2 Bf8 10. g4 b6 11. Nh3 Ba6 12. Qf3 Bb7 13. Bd3 c4 14. Bxc4 Bb4+ 15. Kf1 b5 16. Bb3 a5 17. a3 a4 18. Ba2 Ba5 19. Kg2 Na6 20. Nd6 Qc7 21. Nxe8 Qc2+ 22. Nf2 Rxe8 23. Qd3 Qc7 24. Be3 b4 25. Bc4 h5 26. Bxa6 Bxa6 27. Qxa6 Rxe3 28. d6 Qc5 29. Qa8+ Kh7 30. Rhc1 Qb5 31. Rc8 Re2 32. Rh8+ Kg6 33. Rxh5 Rxf2+ 34. Kxf2 Bb6+ 35. Kg3 Qc4 36. Qf3 1-0

[Event "Barbera del Valles op 40th"]
[Site "Barbera del Valles"]
[Date "2017.07.05"]
[Round "2"]
[White "Avdhoot, Lendhe"]
[Black "Dhulipalla, Bala Chandra Prasad"]
[Result "0-1"]
[WhiteElo "2034"]
[BlackElo "2335"]
[PlyCount "68"]
[EventDate "2017.07.04"]
[EventType "swiss"]
[EventRounds "9"]
[EventCountry "ESP"]
[SourceTitle "EXT 2018"]
[Source "ChessBase"]
[SourceDate "2017.10.13"]
[SourceVersion "1"]
[SourceVersionDate "2017.10.13"]
[SourceQuality "1"]

1. d4 d5 2. c4 Nc6 3. Nf3 Bg4 4. Nc3 e6 5. Bf4 Nf6 6. e3 Bb4 7. h3 Bf5 8. Bd3 dxc4 9. Bxc4 Ne4 10. Qc1 0-0 11. 0-0 Nxc3 12. bxc3 Bd6 13. Bg5 Qd7 14. Nh4 Be4 15. f3 Na5 16. fxe4 Nxc4 17. e5 Be7 18. Bf6 gxf6 19. exf6 Ba3 20. Qd1 Kh8 21. Qh5 Qd5 22. Nf5 exf5 23. Rf4 Nxe3 24. Rf3 Rg8 25. g3 f4 26. Qxd5 Nxd5 27. c4 Bb2 28. Rd1 Ne3 29. Rd2 Nxc4 30. Rc2 Bxd4+ 31. Kh1 fxg3 32. Rd3 c5 33. Re2 Rae8 34. Rxe8 g2+ 0-1

[Event "Barbera del Valles op 40th"]
[Site "Barbera del Valles"]
[Date "2017.07.04"]
[Round "1"]
[White "Gutierrez Olivares, Daniel"]
[Black "Avdhoot, Lendhe"]
[Result "1/2-1/2"]
[WhiteElo "2352"]
[BlackElo "2034"]
[PlyCount "147"]
[EventDate "2017.07.04"]
[EventType "swiss"]
[EventRounds "9"]
[EventCountry "ESP"]
[SourceTitle "EXT 2018"]
[Source "ChessBase"]
[SourceDate "2017.10.13"]
[SourceVersion "1"]
[SourceVersionDate "2017.10.13"]
[SourceQuality "1"]

1. e4 c6 2. d4 d5 3. f3 e6 4. Nc3 Bb4 5. a3 Bxc3+ 6. bxc3 dxe4 7. Qe2 c5 8. Qxe4 Nc6 9. Be3 Nf6 10. Qh4 Qb6 11. Rd1 Nd5 12. dxc5 Qb2 13. Bd4 Nxd4 14. Qxd4 Qxc3+ 15. Kf2 Qxd4+ 16. Rxd4 Ke7 17. Bc4 Nc3 18. Ne2 Nxe2 19. Bxe2 Bd7 20. Rb1 Bc6 21. Bb5 Rhd8 22. Rg4 g6 23. Bxc6 bxc6 24. Rb7+ Rd7 25. Rxd7+ Kxd7 26. Rd4+ Kc7 27. Rh4 h5 28. g4 hxg4 29. Rh7 Rf8 30. fxg4 Kd7 31. Rh3 Kc7 32. Ke3 Kb7 33. Kf4 f6 34. Rh7+ Ka6 35. c4 g5+ 36. Kg3 f5 37. Rc7 fxg4 38. Kxg4 Rf5 39. Rxc6+ Kb7 40. Rxe6 Rxc5 41. Re4 Kb6 42. Rd4 Kc6 43. Rd3 a6 44. Rd4 Re5 45. Rd5 Re2 46. h3 Rg2+ 47. Kf3 Ra2 48. Ra5 Kb6 49. Rxg5 Rxa3+ 50. Kg2 Ra2+ 51. Kg3 Ra3+ 52. Kg2 Ra2+ 53. Kg1 Ra1+ 54. Kf2 Ra2+ 55. Ke1 Ra1+ 56. Kd2 Ra2+ 57. Kc1 Rh2 58. Rh5 a5 59. Rb5+ Kc6 60. Rxa5 Rxh3 61. Kc2 Rg3 62. Rd5 Rh3 63. Rd3 Rxd3 64. Kxd3 Kc5 65. Kc3 Kc6 66. Kd4 Kd6 67. c5+ Kc6 68. Kc4 Kc7 69. Kb5 Kb7 70. c6+ Kc7 71. Kc5 Kc8 72. Kb6 Kb8 73. c7+ Kc8 74. Kc6 1/2-1/2

[Event "Montcada op-A 25th"]
[Site "Montcada"]
[Date "2017.07.01"]
[Round "7"]
[White "Avdhoot, Lendhe"]
[Black "Ojas, Kulkarni"]
[Result "0-1"]
[WhiteElo "2080"]
[BlackElo "2351"]
[PlyCount "80"]
[EventDate "2017.06.26"]
[EventType "swiss"]
[EventRounds "9"]
[EventCountry "ESP"]
[SourceTitle "CBM 179 Extra"]
[Source "ChessBase"]
[SourceDate "2017.08.23"]
[SourceVersion "1"]
[SourceVersionDate "2017.08.23"]
[SourceQuality "1"]

1. d4 Nf6 2. c4 g6 3. Nc3 d5 4. Bg5 Ne4 5. Bh4 Nxc3 6. bxc3 Bg7 7. Nf3 dxc4 8. e3 b5 9. Be2 Nd7 10. a4 c6 11. 0-0 a6 12. Qb1 Nb6 13. e4 Bg4 14. h3 Bxf3 15. Bxf3 Nxa4 16. e5 Qc7 17. Rxa4 bxa4 18. Qb4 0-0 19. Qxa4 Rfc8 20. Qxc4 e6 21. Ra1 a5 22. Bg5 Ra7 23. Be3 Bf8 24. Bf4 Qb6 25. Ra4 Qb5 26. Qa2 Rb8 27. Be4 Qb3 28. Qa1 Qb2 29. Qxb2 Rxb2 30. Bxc6 Rb3 31. c4 Rb4 32. d5 Rxa4 33. Bxa4 exd5 34. cxd5 Be7 35. Bd2 Bd8 36. Kf1 Rb7 37. Be3 Rb1+ 38. Ke2 Bb6 39. d6 Kf8 40. e6 fxe6 0-1

[Event "Mumbai Mayors Cup 10th"]
[Site "Mumbai"]
[Date "2017.06.08"]
[Round "7"]
[White "Ziatdinov, Raset"]
[Black "Avdhoot, Lendhe"]
[Result "1-0"]
[WhiteElo "2291"]
[BlackElo "2080"]
[PlyCount "43"]
[EventDate "2017.06.04"]
[EventType "swiss"]
[EventRounds "10"]
[EventCountry "IND"]
[SourceTitle "CBM 178 Extra"]
[Source "ChessBase"]
[SourceDate "2017.06.22"]
[SourceVersion "1"]
[SourceVersionDate "2017.06.22"]
[SourceQuality "1"]

1. e4 c6 2. Nf3 d5 3. Nc3 Bg4 4. h3 Bxf3 5. Qxf3 Nf6 6. Be2 e6 7. 0-0 Qb6 8. a4 a5 9. exd5 Nxd5 10. Qg3 Nb4 11. Bd1 Qd4 12. d3 Bd6 13. Be3 Bxg3 14. Bxd4 e5 15. Re1 Kd7 16. Bb6 Bf4 17. g3 Ra6 18. Bg4+ Kd6 19. Ne4+ Ke7 20. Bc5+ Kd8 21. Bxb4 axb4 22. gxf4 1-0

[Event "Bhubaneswar op 10th"]
[Site "Bhubaneswar"]
[Date "2017.05.28"]
[Round "4"]
[White "Avdhoot, Lendhe"]
[Black "Padmini, Rout"]
[Result "1-0"]
[WhiteElo "2080"]
[BlackElo "2380"]
[PlyCount "111"]
[EventDate "2017.05.26"]
[EventType "swiss"]
[EventRounds "10"]
[EventCountry "IND"]
[SourceTitle "CBM 178 Extra"]
[Source "ChessBase"]
[SourceDate "2017.06.22"]
[SourceVersion "1"]
[SourceVersionDate "2017.06.22"]
[SourceQuality "1"]

1. d4 Nf6 2. c4 g6 3. Nc3 d5 4. h4 c6 5. cxd5 cxd5 6. Bf4 a6 7. e3 Bg7 8. Bd3 Nc6 9. a3 0-0 10. h5 Re8 11. hxg6 hxg6 12. Nf3 Bg4 13. Qb3 Bxf3 14. gxf3 e5 15. dxe5 Nxe5 16. Be2 b5 17. Rd1 Nc4 18. Bg5 Qa5 19. Kf1 Nh7 20. Rxd5 Nxg5 21. Qxc4 Ne6 22. Qh4 Rad8 23. Kg2 Rxd5 24. Nxd5 Qd8 25. Qxd8 Rxd8 26. Nb4 Rd2 27. Re1 Nc5 28. b3 Rb2 29. Bd1 Rb1 30. Rf1 a5 31. Nc6 Nxb3 32. Be2 Rxf1 33. Bxf1 b4 34. axb4 axb4 35. Nxb4 Kf8 36. Na6 Ke7 37. Bc4 Na5 38. Bd5 g5 39. Nb4 Be5 40. Nd3 Bc7 41. e4 f6 42. Kh3 Bb6 43. Kg4 Bd4 44. Kf5 Bc3 45. f4 gxf4 46. Nxf4 Kd6 47. f3 Bb2 48. Ng6 Bc3 49. Nf4 Bb2 50. Nh5 Ke7 51. Kg6 Bc3 52. Ng3 Be5 53. Nf5+ Kf8 54. Nh6 Ke7 55. Ng8+ Kd6 56. Nxf6 1-0

[Event "Panchavati op 2nd"]
[Site "Panchavati"]
[Date "2016.05.20"]
[Round "7"]
[White "Kulkarni, Saurabh P"]
[Black "Avdhoot, Lendhe"]
[Result "0-1"]
[WhiteElo "1687"]
[BlackElo "1966"]
[PlyCount "154"]
[EventDate "2016.05.17"]
[EventType "swiss"]
[EventRounds "10"]
[EventCountry "IND"]
[SourceTitle "CBM 172 Extra"]
[Source "ChessBase"]
[SourceDate "2016.06.21"]
[SourceVersion "1"]
[SourceVersionDate "2016.06.21"]
[SourceQuality "1"]

1. e4 c6 2. d4 d5 3. exd5 cxd5 4. c4 Nf6 5. Nc3 Nc6 6. Nf3 g6 7. h3 Bg7 8. Be2 0-0 9. 0-0 dxc4 10. Bxc4 Na5 11. Bd3 Be6 12. Qe2 Rc8 13. Rd1 Bc4 14. Ne5 Bxd3 15. Qxd3 Nd5 16. Be3 Nxc3 17. bxc3 Qc7 18. Rac1 Bxe5 19. dxe5 Rfd8 20. Bd4 e6 21. Qe4 Qc4 22. Rc2 Rd5 23. Qd3 Qc6 24. Qf3 Nc4 25. Re1 b6 26. Re4 Na3 27. Rd2 Nc4 28. Rc2 Rb5 29. Rce2 Rb1+ 30. Kh2 Rd1 31. Qf4 Nd2 32. Rxd2 Rxd2 33. Be3 Re2 34. Rd4 f5 35. exf6 Qc7 36. f7+ Qxf7 37. Qxf7+ Kxf7 38. Rd7+ Kg8 39. Rxa7 Rxc3 40. Bxb6 Rc6 41. Be3 Rec2 42. a4 Rc7 43. a5 Rxa7 44. Bxa7 Rc3 45. Bb6 Ra3 46. f3 Kf7 47. Kg3 Ra4 48. Bc7 e5 49. Kf2 Ra2+ 50. Kg3 Ke6 51. h4 Kf5 52. Bb6 Ra3 53. Kf2 h6 54. Bc7 g5 55. hxg5 hxg5 56. g3 Rc3 57. Bd6 Rd3 58. Bc7 Ra3 59. Ke2 Ra2+ 60. Ke3 Ra3+ 61. Ke2 Ke6 62. g4 Kd5 63. Bd8 e4 64. fxe4+ Kxe4 65. Bxg5 Rxa5 66. Bd2 Ra2 67. g5 Kd4 68. g6 Ra6 69. g7 Rg6 70. Bc1 Kc3 71. Bf4 Kd4 72. Bc1 Ke4 73. Bb2 Rg2+ 74. Kf1 Kf3 75. Bd4 Rg4 76. Ke1 Re4+ 77. Kf1 Rxd4 0-1

[Event "IND-ch U15"]
[Site "Thrissur"]
[Date "2014.08.07"]
[Round "5"]
[White "Avdhoot, Lendhe"]
[Black "Harshal, Shahi"]
[Result "0-1"]
[WhiteElo "1944"]
[BlackElo "2159"]
[PlyCount "66"]
[EventDate "2014.08.04"]
[EventType "swiss"]
[EventRounds "11"]
[EventCountry "IND"]
[SourceTitle "CBM 162 Extra"]
[Source "ChessBase"]
[SourceDate "2014.10.17"]
[SourceVersion "1"]
[SourceVersionDate "2014.10.17"]
[SourceQuality "1"]

1. d4 d5 2. c4 c6 3. Nf3 Nf6 4. Nc3 e6 5. e3 Nbd7 6. Bd3 dxc4 7. Bxc4 b5 8. Bd3 Bd6 9. 0-0 0-0 10. e4 e5 11. Bg5 exd4 12. Nxd4 Ne5 13. Bc2 Bg4 14. f3 Bc5 15. Nce2 Be6 16. Kh1 Bc4 17. Nf5 Qxd1 18. Bxd1 Rfd8 19. b3 Rxd1 20. Rfxd1 Bxe2 21. Rd2 Nxf3 22. Rxe2 Nxg5 23. Ng3 Ng4 24. h3 Ne5 25. Rd1 Ne6 26. Nf5 g6 27. Nh4 a5 28. Nf3 Nxf3 29. gxf3 Bd4 30. Rb1 c5 31. a4 Nf4 32. Rh2 Rb8 33. axb5 Rxb5 0-1

[Event "IND-ch U15"]
[Site "Thrissur"]
[Date "2014.08.05"]
[Round "3"]
[White "Avdhoot, Lendhe"]
[Black "Muthaiah, Al"]
[Result "0-1"]
[WhiteElo "1944"]
[BlackElo "2146"]
[PlyCount "88"]
[EventDate "2014.08.04"]
[EventType "swiss"]
[EventRounds "11"]
[EventCountry "IND"]
[SourceTitle "CBM 162 Extra"]
[Source "ChessBase"]
[SourceDate "2014.10.17"]
[SourceVersion "1"]
[SourceVersionDate "2014.10.17"]
[SourceQuality "1"]

1. d4 d5 2. c4 e6 3. Nc3 Be7 4. Bf4 Nf6 5. e3 0-0 6. h3 a6 7. Nf3 Nbd7 8. Bd3 dxc4 9. Bxc4 b5 10. Bd3 Bb7 11. 0-0 c5 12. Qe2 Rc8 13. Rac1 cxd4 14. exd4 Nb6 15. Rfd1 Nbd5 16. Bh2 Nxc3 17. bxc3 Qa5 18. c4 bxc4 19. Bxc4 Nd5 20. Ne5 Nc3 21. Qd2 Bb4 22. a3 Qxa3 23. Qg5 Nxd1 24. Rxd1 Be7 25. Qg4 Bd5 26. Bxd5 exd5 27. Bf4 Rfe8 28. Kh2 Qd6 29. Rd3 Qe6 30. Qh5 g6 31. Qd1 Bd6 32. Re3 a5 33. g3 Qf5 34. Rf3 Bxe5 35. Bxe5 Qc2 36. Qe1 a4 37. Qe3 Qe4 38. Qa3 Rc1 39. Qxc1 Qxf3 40. Kg1 a3 41. Qc6 Rf8 42. Qc1 a2 43. Kh2 Qxf2+ 44. Kh1 Ra8 0-1

[Event "IND-ch U19 44th"]
[Site "Mumbai"]
[Date "2014.07.11"]
[Round "3"]
[White "Krishna Teja, N."]
[Black "Avdhoot, Lendhe"]
[Result "1/2-1/2"]
[WhiteElo "2222"]
[BlackElo "1827"]
[PlyCount "121"]
[EventDate "2014.07.10"]
[EventType "swiss"]
[EventRounds "11"]
[EventCountry "IND"]
[SourceTitle "EXT 2016"]
[Source "ChessBase"]
[SourceDate "2015.10.08"]
[SourceVersion "1"]
[SourceVersionDate "2015.10.08"]
[SourceQuality "1"]

1. Nf3 Nf6 2. c4 e6 3. g3 d5 4. Bg2 Be7 5. 0-0 0-0 6. d3 d4 7. Nbd2 c5 8. b4 cxb4 9. a3 bxa3 10. Bxa3 Nc6 11. Qa4 h6 12. Rfb1 Bxa3 13. Rxa3 Qc7 14. Ne1 Bd7 15. Nc2 b6 16. Qb3 e5 17. e3 Rfd8 18. exd4 exd4 19. Qb2 Rac8 20. Nb3 Bg4 21. Ncxd4 Nxd4 22. Nxd4 Qc5 23. Nc2 Bf5 24. Bf1 Ng4 25. Ne1 Rc7 26. Qa2 Re7 27. h3 Ne5 28. Rb5 Qc7 29. f4 Nc6 30. Nf3 Bc8 31. Qf2 Bb7 32. d4 a6 33. Rb2 Qd6 34. Rd3 Nb4 35. c5 bxc5 36. dxc5 Qxd3 37. Bxd3 Nxd3 38. Rxb7 Rxb7 39. Qc2 Rc7 40. Qa2 Nxc5 41. Qa5 Rdc8 42. Kg2 Ne4 43. Ne1 Rc3 44. Qxa6 Nxg3 45. Nd3 Ne4 46. Kf3 Nf6 47. Kg2 Rc2+ 48. Kf1 Ne4 49. Qb7 Ng3+ 50. Kg1 R2c7 51. Qd5 Ne2+ 52. Kf2 Nc3 53. Qd4 Nb5 54. Qd5 Rc2+ 55. Kf3 Nc7 56. Qd7 Ne6 57. Ne5 R2c7 58. Qd5 Rd8 59. Qa5 Rdc8 60. Qd5 h5 61. Nxf7 1/2-1/2